23 愛知県の市町村 人口順 - Statistics

General Stats
  • This quiz has been taken 8 times
  • The average score is 24 of 54
Answer Stats
順位 人口 市町村 % Correct
1 2,338,873 名古屋市
100%
2 413,768 豊田市
100%
3 379,751 岡崎市
100%
4 370,698 一宮市
100%
5 360,241 豊橋市
100%
6 302,786 春日井市
83%
7 185,460 安城市
83%
8 183,308 豊川市
67%
9 166,726 西尾市
50%
10 153,895 刈谷市
50%
11 144,853 小牧市
50%
12 130,867 稲沢市
50%
13 124,098 瀬戸市
50%
14 113,750 半田市
50%
15 112,339 東海市
50%
16 95,647 江南市
50%
17 93,628 日進市
50%
18 93,341 大府市
50%
19 86,132 北名古屋市
50%
20 84,951 あま市
50%
21 82,945 尾張旭市
50%
22 81,694 知多市
50%
23 76,730 蒲郡市
50%
26 70,635 犬山市
33%
28 66,815 清須市
33%
30 61,757 長久手市
33%
31 58,269 津島市
33%
32 58,139 常滑市
33%
33 58,115 愛西市
33%
35 49,060 東浦町
33%
36 47,974 岩倉市
33%
38 43,817 東郷町
33%
40 42,129 弥富市
33%
42 40,636 新城市
33%
43 36,571 蟹江町
33%
44 34,138 扶桑町
33%
45 33,050 大治町
33%
46 27,699 阿久比町
33%
47 23,994 大口町
33%
48 21,037 美浜町
33%
49 15,759 豊山町
33%
50 14,728 南知多町
33%
51 4,457 飛島村
33%
52 3,802 設楽町
33%
53 2,490 東栄町
33%
54 857 豊根村
33%
24 72,670 知立市
17%
25 71,520 碧南市
17%
27 68,152 豊明市
17%
29 61,934 みよし市
17%
34 56,267 田原市
17%
37 45,851 高浜市
17%
39 43,183 武豊町
17%
41 41,817 幸田町
17%
No matching quizzes found
Score Distribution
Percent of People with Each Score
Percentile by Number Answered
Your Score History
You have not taken this quiz